| 000 | 00903nam a2200289Ia 4500 | ||
|---|---|---|---|
| 003 | OSt | ||
| 005 | 20221007125506.0 | ||
| 006 | a|||||r|||| 00| 0 | ||
| 007 | ta | ||
| 008 | 221006b |||||||| |||| 00| 0 eng d | ||
| 020 | _a3527306471 (hbd) | ||
| 024 | _a1654 | ||
| 037 | _cTextual | ||
| 040 |
_aCDL _cCDL _beng |
||
| 041 |
_2eng _aeng |
||
| 082 | _aE141, P3 Carc | ||
| 100 |
_aJutzi Peter Ed. _9722015 |
||
| 245 | 0 |
_aSilicon chemistry: From the atom to extended systems _b Schubert Ulrich Ed. |
|
| 260 |
_aWeinheim _bWiley-VCH Verlag GmbH & Co. KGaA _c2003 |
||
| 300 |
_axi, 494p. _ccm. |
||
| 500 | _aIncludes bibliographical references; Index 489-494p | ||
| 650 | _a Chemistry | ||
| 650 |
_aSilicon _9720436 |
||
| 700 |
_a Schubert Ulrich Ed. _9722016 |
||
| 942 |
_hE141, P3 Carc _cTEXL _2CC |
||
| 999 |
_c1215385 _d1215385 |
||